| 000 | 02365nam a22003137a 4500 | ||
|---|---|---|---|
| 003 | OSt | ||
| 005 | 20260210172637.0 | ||
| 008 | 260210b ||||| |||| 00| 0 spa d | ||
| 020 | _a9789585022102 | ||
| 040 | _cCO-Mq BPB | ||
| 041 | 0 | _aspa | |
| 043 | _as-ck--- | ||
| 082 | 0 | 4 |
_a986.106 _bB17g |
| 100 | 1 | 0 |
_aBastidas Urresty, Édgar, _d1944- _eaut _9291727 |
| 245 | 1 | 3 |
_aLa guerra de los mil días en la historia de Colombia / _cÉdgar Bastidas Urresty. |
| 250 | _aEdición especial | ||
| 264 | 1 |
_aBogotá, Colombia : _bGrupo Editorial Ibáñez, _c2024 |
|
| 300 |
_a324 páginas : _bilustraciones, fotografías en blanco y negro, tapa rustica; _c23 cm |
||
| 336 |
_atexto _btxt _2rdacontenido |
||
| 337 |
_asin mediación _bn _2rdamedio |
||
| 338 |
_avolumen _bnc _2rdasoporte |
||
| 504 | _aIncluye referencias bibliográficas | ||
| 520 |
_aSeñalo las causas que motivaron esta guerra, sus actores, en qué circunstancias trascurrió, los vencedores y vencidos, los males que causó, las lecciones que dejó en la historia del país, en la vida de los colombianos. La parte final del libro, está dedicada a la guerra de los Mil días en el sur de Colombia, en lo que hoy es el departamento de Nariño, las razones y circunstancias de la participación en ella del Ecuador por razones políticas, ya que Eloy Alfaro, presidente liberal radical ecuatoriano prestó ayuda económica y militar a los liberales revolucionarios colombianos. La fortaleza del gobierno conservador colombiano, sustentada en el ejército nacional, el apoyo que recibió de la iglesia católica, le permitió ganar la guerra, con relativa facilidad, a pesar de la dura resistencia liberal, especialmente en Santander, el oriente y el sur colombiano. La excesiva prolongación de la guerra por tres años, obligó a las partes a buscar la paz, sobre todo al liberalismo, que ya no estaba en condiciones de prolongarla. Una lección que habría de aprender el liberalismo para futuras confrontaciones _uhttps://xn--grupoeditorialibaez-c4b.com/product/la-guerra-de-los-mil-dias-en-la-historia-de-colombia/ |
||
| 650 | 1 | 7 |
_aBatalla de Palonegro, 1900 _y1900 _2lemb _9291729 |
| 650 | 1 | 7 |
_aBatalla de Peralonso, 1899 _y1899 _2lemb _9291730 |
| 650 | 1 | 7 |
_aGuerra civil _zColombia _2lemb _9322082 |
| 650 | 1 | 7 |
_aGuerra de los mil dias, 1899 -- 1903 _xHistoria _zColombia _2lemb _9163128 |
| 942 |
_2ddc _cBK |
||
| 999 |
_c16091 _d16091 |
||